Statistics for Bug Fables Bestiary

Click here to take the quiz!

General Stats

  • This quiz has been taken 2 times
  • The average score is 29 of 93

Answer Stats

HintAnswer% Correct
066General Ultimax
100%
007Golden Seedling
100%
054Mothiva
100%
001Seedling
100%
091Wasp King
100%
055Zasp
100%
008Zombiant
100%
002Acornling
50%
056Astotheles
50%
026Bandit
50%
012Bloatshroom
50%
027Burglar
50%
059Cross
50%
087Delilah
50%
014Denmuki
50%
074Devourer
50%
057Dune Scorpion
50%
075False Monarch
50%
005Flowerling
50%
063Heavy Drone B-33
50%
017Ironnail
50%
079Kabbu
50%
080Kali
50%
038Leafbug Archer
50%
039Leafbug Clubber
50%
037Leafbug Ninja
50%
042Mimic Spider
50%
078Monsieur Scarlet
50%
046Mothfly
50%
047Mothfly Cluster
50%
016Numbnail
50%
006Plumpling
50%
060Poi
50%
058Primal Weevil
50%
082Riz
50%
071Seedling King
50%
061Spider
50%
086Stratos
50%
065The Beast
50%
092The Everlasting King
50%
064The Watcher
50%
025Thief
50%
072Tidal Wyrm
50%
067ULTIMAX Tank
50%
003Underling
50%
052Venus' Bud
50%
062Venus' Guardian
50%
048Wasp Scout
50%
049Wasp Trooper
50%
022Weevil
50%
070Zommoth
50%
032Abomihoney
0%
053Acolyte Aria
0%
033Ahoneynation
0%
024Arrow Worm
0%
029Bee-Boop
0%
045Belostoss
0%
069Broodmother
0%
004Cactiling
0%
081Carmina
0%
076Cenn
0%
019Chomper
0%
020Chomper Brute
0%
088Dead Lander α
0%
090Dead Lander γ
0%
089Dead Lander β
0%
043Diving Spider
0%
036Haunted Cloth
0%
013Inichas
0%
011Jellyshroom
0%
041Jumping Spider
0%
084Kina
0%
034Krawler
0%
015Madesphy
0%
083Maki
0%
040Mantidfly
0%
031Mender
0%
019Midge
0%
068Mother Chomper
0%
073Peacock Spider
0%
077Pisci
0%
023Psicorp
0%
028Ruffian
0%
030Security Turret
0%
#%$TANGYBUG
0%
035Warden
0%
050Wasp Bomber
0%
051Wasp Driller
0%
044Water Strider
0%
021Wild Chomper
0%
085Yin
0%
009Zombee
0%
010Zombeetle
0%

Score Distribution

Percentile by Number Answered

Percent of People with Each Score

Your Score History

You have not taken this quiz